The hard hat and the gown (Record no. 72262)

MARC details
000 -LEADER
fixed length control field 01016cam a2200217 4500
001 - CONTROL NUMBER
control field ABS66427
008 - FIXED-LENGTH DATA ELEMENTS--GENERAL INFORMATION
fixed length control field 030307n2003 000 0 eng u
035 ## - SYSTEM CONTROL NUMBER
System control number (Sirsi) u121565
100 ## - MAIN ENTRY--PERSONAL NAME
Personal name Sweet, R.
245 #4 - TITLE STATEMENT
Title The hard hat and the gown
260 ## - PUBLICATION, DISTRIBUTION, ETC.
Date of publication, distribution, etc. 2003
490 ## - SERIES STATEMENT
Series statement Construction Manager
Volume/sequential designation March 2003, 10-16(7)
520 ## - SUMMARY, ETC.
Summary, etc. Overview of the crisis confronting the recruitment of students to the construction professions. Discusses various factors which may be involved in the issue, such as low college entry levels, low take-up of places and the poor image of the industry. Solutions suggested include better informed careers officers in secondary schools, the streamlining of the MSc degree courses, the increase of grades offered and more emphasis on the practical aspects of site management. Tables.
590 ## - LOCAL NOTE (RLIN)
Local note ABS
650 ## - SUBJECT ADDED ENTRY--TOPICAL TERM
Topical term or geographic name entry element CONSTRUCTION CAREERS
650 ## - SUBJECT ADDED ENTRY--TOPICAL TERM
Topical term or geographic name entry element UNIVERSITY COURSES
650 ## - SUBJECT ADDED ENTRY--TOPICAL TERM
Topical term or geographic name entry element CONSTRUCTION PROFESSIONS
690 ## - LOCAL SUBJECT ADDED ENTRY--TOPICAL TERM (OCLC, RLIN)
Topical term or geographic name as entry element EDUCATION-CAREERS
700 ## - ADDED ENTRY--PERSONAL NAME
Personal name Smith, K.
942 ## - ADDED ENTRY ELEMENTS (KOHA)
Suppress in OPAC 0
Holdings
Withdrawn status Lost status Source of classification or shelving scheme Damaged status Not for loan Home library Current library Shelving location Date acquired Total Checkouts Full call number Barcode Date last seen Copy number Price effective from Koha item type
    Dewey Decimal Classification     London London Journal article 07/03/2003   ABS66427 121565-1001 06/08/2019 1 06/08/2019 Journal article